000 00466nam a2200181Ia 4500
001 14985
005 20260306164954.0
008 260306t2016||||xx |||||||||||||| ||spa||
041 _aESP
082 _a519.53
_bM84
100 _aMontesinos Ruiz, Luis
_eAUT
245 0 _aEstadĂ­stica descriptiva y probabilidad:
_benfoque por competencias
260 _c2016
300 _a384 páginas :
_c30 cm.
650 _aGEN
654 _aCMA
942 _cLIB
_dJUS
_fJUS
_2ddc
_n
999 _c14985
_d14985